| 000 | 01915nam0a2200373 4500 | ||
|---|---|---|---|
| 001 | RU\NLR\bibl\215173 | ||
| 005 | 20260406021744.0 | ||
| 010 |
_a5-88871-150-0 _9130 |
||
| 021 |
_aRU _b2001-25792 _91224 |
||
| 035 | _a(NLR Aleph) 000211309 | ||
| 090 |
_a1226586 _c1226586 |
||
| 100 | _a20011206d2000 |||y0rusy50 ca | ||
| 101 | 0 | _arus | |
| 102 | _aRU | ||
| 105 | _aa ||||||||| | ||
| 200 | 1 |
_aПроектирование машин непрерывного транспорта с тяговым элементом _eУчеб. пособие для мех. специальностей вузов региона _fО.П. Ковалев, Г.Г. Абрамова _gГос. ком. Рос. Федерации по рыболовству, Дальневост. гос. техн. рыбохоз. ун-т |
|
| 210 |
_aВладивосток _cДальрыбвтуз _d2000 |
||
| 215 |
_a97 с. _cил. _d21 |
||
| 320 | _aБиблиогр.: с. 94-95 | ||
| 606 | 0 |
_aТранспорт непрерывный _jРуководства, пособия и т.п. для высшей школы _xПроектирование _92230651 _3RU\NLR\auth\661338863 |
|
| 606 | 0 |
_aТранспорт непрерывный _jУчебные издания для высшей школы _xПроектирование _92230651 _3RU\NLR\auth\661338863 |
|
| 610 | 0 | _aКонвейеры - Проектирование | |
| 675 |
_a621.867.001.63(075.8) _v3 _zrus |
||
| 686 |
_a55.51 _2rugasnti |
||
| 686 |
_a39.9я73 _2rubbk |
||
| 686 | _aО931.11-02я73-1 | ||
| 700 | 1 |
_4070 _7ca _8rus _aКовалев _bО. П. _cд-р техн. наук _gОлег Петрович _9106213 _3RU\NLR\auth\77123288 |
|
| 701 | 1 |
_aАбрамова _bГ. Г. _gГалина Григорьевна _4070 |
|
| 801 | 0 |
_aRU _bRKP _c20011206 _gPSBO |
|
| 801 | 1 |
_aRU _bRKP _c20011206 |
|
| 801 | 2 |
_aRU _bNLR _c20130521 _grcr |
|
| 942 | _cBOOK | ||
| 980 | _aNB | ||